Statistics for Countries where Bamboo Naturally Grows

Click here to take the quiz!

General Stats

  • This quiz has been taken 35 times
    (29 since last reset)
  • The average score is 87 of 117

Answer Stats

1ContinentsCountry% Correct
cnAsiaChina
92%
jpAsiaJapan
92%
arSouth AmericaArgentina
88%
brSouth AmericaBrazil
88%
clSouth AmericaChile
88%
inAsiaIndia
88%
krAsiaSouth Korea
88%
usNorth AmericaUnited States
88%
coSouth AmericaColombia
85%
idAsiaIndonesia
85%
kpAsiaNorth Korea
85%
pkAsiaPakistan
85%
peSouth AmericaPeru
85%
zaAfricaSouth Africa
85%
thAsiaThailand
85%
veSouth AmericaVenezuela
85%
auAsiaAustralia
81%
bdAsiaBangladesh
81%
boSouth AmericaBolivia
81%
bwAfricaBotswana
81%
cdAfricaDemocratic Republic of the Congo
81%
laAsiaLaos
81%
mxNorth AmericaMexico
81%
niNorth AmericaNicaragua
81%
neAfricaNiger
81%
ngAfricaNigeria
81%
pySouth AmericaParaguay
81%
cgAfricaRepublic of the Congo
81%
uySouth AmericaUruguay
81%
vnAsiaVietnam
81%
bzNorth AmericaBelize
77%
cuNorth AmericaCuba
77%
ecSouth AmericaEcuador
77%
ghAfricaGhana
77%
gySouth AmericaGuyana
77%
hnNorth AmericaHonduras
77%
keAfricaKenya
77%
mzAfricaMozambique
77%
mmAsiaMyanmar
77%
npAsiaNepal
77%
paNorth AmericaPanama
77%
ruAsiaRussia
77%
snAfricaSenegal
77%
soAfricaSomalia
77%
srSouth AmericaSuriname
77%
twAsiaTaiwan
77%
tzAfricaTanzania
77%
zwAfricaZimbabwe
77%
afAsiaAfghanistan
73%
aoAfricaAngola
73%
bsNorth AmericaBahamas
73%
biAfricaBurundi
73%
khAsiaCambodia
73%
cmAfricaCameroon
73%
cfAfricaCentral African Republic
73%
tdAfricaChad
73%
crNorth AmericaCosta Rica
73%
dmNorth AmericaDominica
73%
doNorth AmericaDominican Republic
73%
svNorth AmericaEl Salvador
73%
etAfricaEthiopia
73%
fmOceaniaFederated States of Micronesia
73%
fjOceaniaFiji
73%
gtNorth AmericaGuatemala
73%
htNorth AmericaHaiti
73%
lrAfricaLiberia
73%
mgAfricaMadagascar
73%
myAsiaMalaysia
73%
pwOceaniaPalau
73%
pgAsiaPapua New Guinea
73%
phAsiaPhilippines
73%
rwAfricaRwanda
73%
wsOceaniaSamoa
73%
sbOceaniaSolomon Islands
73%
ssAfricaSouth Sudan
73%
lkAsiaSri Lanka
73%
sdAfricaSudan
73%
toOceaniaTonga
73%
ugAfricaUganda
73%
zmAfricaZambia
73%
bbNorth AmericaBarbados
69%
bjAfricaBenin
69%
btAsiaBhutan
69%
bnAsiaBrunei
69%
cvAfricaCape Verde
69%
kmAfricaComoros
69%
gqAfricaEquatorial Guinea
69%
szAfricaEswatini
69%
gaAfricaGabon
69%
gnAfricaGuinea
69%
jmNorth AmericaJamaica
69%
lsAfricaLesotho
69%
mwAfricaMalawi
69%
mlAfricaMali
69%
vcNorth AmericaSaint Vincent and the Grenadines
69%
stAfricaSão Tomé and Príncipe
69%
sgAsiaSingapore
69%
tgAfricaTogo
69%
ttNorth AmericaTrinidad and Tobago
69%
vuOceaniaVanuatu
69%
bfAfricaBurkina Faso
65%
tlAsiaEast Timor
65%
erAfricaEritrea
65%
gmAfricaGambia
65%
gwAfricaGuinea-Bissau
65%
ciAfricaIvory Coast
65%
muAfricaMauritius
65%
naAfricaNamibia
65%
lcNorth AmericaSaint Lucia
65%
slAfricaSierra Leone
65%
dzAfricaAlgeria
62%
frSouth AmericaFrance (French Guiana)
62%
frNorth AmericaFrance (Martinique)
62%
frOceaniaFrance (New Caledonia)
62%
frAfricaFrance (Réunion)
62%
gdNorth AmericaGrenada
62%
mrAfricaMauritania
62%

Score Distribution

Percentile by Number Answered

Percent of People with Each Score

Your Score History

You have not taken this quiz since the last reset